000 00493nam a22001697a 4500
003 OSt
005 20251029091351.0
008 251029b |||||||| |||| 00| 0 eng d
040 _cMRSPTU
041 _aENG
100 _aPathania, Shelly
245 _aDesign and Synthesis of Diversity Oriented Pyrimidine Heterocycles As Anticancer Agents
260 _aBathinda
_bMRSPTU
_c2023
650 _aPharmacy
856 _uhttp://163.47.215.52:8080/jspui/handle/123456789/834
942 _2ddc
_cTH
_n0
999 _c10603
_d10603